Olympique Lyonnais : TOP joueurs formés au club - Statistiques

Statistiques générales
  • Ce quiz a été pris 2 072 fois
    2 069 depuis la dernière actualisation
  • Le résultat moyen est 9 sur 24
Statistiques - réponses
Poste Réponse % Correct
G Lopes
90%
BC Lacazette
87%
BC Benzema
86%
MC Tolisso
81%
MO Fekir
79%
DC Umtiti
79%
Mdc Gonalons
55%
MC Aouar
50%
MO Ben Arfa
45%
MC Ferri
42%
AG Martial
39%
AD Govou
34%
MC Grenier
33%
AG Ghezzal
26%
DC Diakhaby
20%
BC Pléa
18%
DD Clerc
13%
G Riou
12%
AD Rémy
10%
DG Zeffane
8%
DG Berthod
5%
DC Brechet
3%
DD Gassama
2%
DC Laville
1%
Aucun quiz correspondant
Distribution des résultats
% des personnes avec chaque résultat
Percentile par nombre de réponses
Votre historique - résultats
Vous n’avez pas pris ce quiz depuis la dernière actualisation